00762 2200277 4500001002100000005001700021008004100038035002400079082001200103090002300115100001700138245009700155250001000252260004600262300002400308440002500332500001100357650001000368700001900378700002200397850002100419980001400440985000600454986000900460999001500469YOGYA-0209000004297620090227025923.0 ind  0010-020900000042976 a621.366 a621.366bMcK LlQT aMCKIE, Robin aLasercRobin McKie ; tim penerjemah Sofyan Tsauri ... [et al] ; penyunting Tony S. Rachmadie aEd. 1 aJakartabGrolier International, Incc1986 a29 hlmbilusc29 cm aRevolusi elektronika aIndeks aLaser aTsauri, Sofyan aRakhmadie, Tony S aYOPDYOG [TRM 29] a25-8-2007 a1 aRuni a07A0025258